All 60 picks in the 2019 NBA Draft - Statistics

General Stats
  • This quiz has been taken 6 times
  • The average score is 19 of 60
Answer Stats
Hint Answer % Correct
11th Pick MIN Cameron Johnson
100%
22nd Pick BOS Grant Williams
100%
29th Pick SAS Keldon Johnson
100%
7th Pick CHI Coby White
83%
5th Pick CLE Darius Garland
83%
4th Pick LAL De'Andre Hunter
83%
2nd Pick MEM Ja Morant
83%
3rd Pick NYK RJ Barrett
83%
13th Pick MIA Tyler Herro
83%
1st Pick NOP Zion Williamson
83%
10th Pick ATL Cameron Reddish
67%
6th Pick PHO Jarrett Culver
67%
15th Pick DET Sekou Doumbouya
67%
16th Pick ORL Chuma Okeke
50%
18th Pick IND Goga Bitadze
50%
8th Pick ATL Jaxson Hayes
50%
28th Pick GSW Jordan Poole
50%
19th Pick SAS Luka Samanic
50%
20th Pick BOS Matisse Thybulle
50%
12th Pick CHO P.J. Washington
50%
14th Pick BOS Romeo Langford
50%
23rd Pick UTA Darius Bazley
33%
59th Pick TOR Dewan Hernandez
33%
41st Pick GSW Eric Paschall
33%
30th Pick MIL Kevin Porter Jr.
33%
17th Pick BRK Nickeil Alexander-Walker
33%
31st Pick BRK Nicolas Claxton
33%
9th Pick WAS Rui Hachimura
33%
39th Pick NOP Alen Smailagic
17%
33rd Pick PHI Carsen Edwards
17%
38th Pick CHI Daniel Gafford
17%
26th Pick CLE Dylan Windler
17%
52nd Pick CHO Jalen McDaniels
17%
58th Pick GSW Miye Oni
17%
25th Pick POR Nassir Little
17%
51st Pick BOS Tremont Waters
17%
24th Pick PHI Ty Jerome
17%
42nd Pick PHI Admiral Schoffield
0%
44th Pick MIA Bol Bol
0%
21st Pick OKC Brandon Clarke
0%
34th Pick PHI Bruno Fernando
0%
36th Pick CHO Cody Martin
0%
37th Pick DAL Deividas Sirvydis
0%
35th Pick ATL Didi Louzada
0%
47th Pick SAC Ignas Brazdeikis
0%
45th Pick DET Isaiah Roby
0%
50th Pick IND Jarrell Brantly
0%
56th Pick LAC Jaylen Hands
0%
43rd Pick MIN Jaylen Nowell
0%
57th Pick NOP Jordan Bone
0%
40th Pick SAC Justin James
0%
53rd Pick UTA Justin Wright-Foreman
0%
55th Pick NYK Kyle Guy
0%
32nd Pick PHO KZ Okpala
0%
54th Pick PHO Marial Shayok
0%
27th Pick BRK Mfiondu Kabengele
0%
49th Pick SAS Quinndary Weatherspoon
0%
46th Pick ORL Talen Horton-Tucker
0%
48th Pick LAC Terance Mann
0%
60th Pick SAC Vanja Marinkovic
0%
No matching quizzes found
Score Distribution
Percent of People with Each Score
Percentile by Number Answered
Your Score History
You have not taken this quiz